01291nam a22003254a 4500001001200000003000800012006001900020007001500039008004100054010001700095020001500112040002100127035002100148050003300169082001900202245009200221260005300313300002400366490005800390504004100448533015200489650002900641650002500670655002900695700002400724710001700748830005700765856012600822999001700948ebr10255658CaPaEBRm u cr cn|||||||||030214s2003 njua sb 000 0 eng  z 2003043280 z9812383115 aCaPaEBRcCaPaEBR a(OCoLC)26032440414aTK7871.99.C65bC65845 2003eb04a621.3815/222100aCompound semiconductor integrated circuitsh[electronic resource] /ceditor, Tho T. Vu. aRiver Edge, NJ :bWorld Scientific Pub.,cc2003. axii, 349 p. :bill.1 aSelected topics in electronics and systems ;vvol. 29 aIncludes bibliographical references. aElectronic reproduction.bPalo Alto, Calif. :cebrary,d2013.nAvailable via World Wide Web.nAccess may be limited to ebrary affiliated libraries. 0aCompound semiconductors. 0aIntegrated circuits. 7aElectronic books.2local1 aVu, T. T.q(Tho T.)2 aebrary, Inc. 0aSelected topics in electronics and systems ;vv. 29.40uhttp://site.ebrary.com/lib/rucke/Doc?id=10255658zAn electronic book accessible through the World Wide Web; click to view c14910d14910